Applied numerical analysis using MATLAB / (Record no. 11014)

MARC details
000 -LEADER
fixed length control field 01035cam a2200313 i 4500
001 - CONTROL NUMBER
control field 15041891
003 - CONTROL NUMBER IDENTIFIER
control field EG-ScBUE
005 - DATE AND TIME OF LATEST TRANSACTION
control field 20241029095558.0
008 - FIXED-LENGTH DATA ELEMENTS--GENERAL INFORMATION
fixed length control field 071012t2008 njua f b 001 0 eng d
020 ## - INTERNATIONAL STANDARD BOOK NUMBER
International Standard Book Number 9780132397285
020 ## - INTERNATIONAL STANDARD BOOK NUMBER
International Standard Book Number 0132397285
035 ## - SYSTEM CONTROL NUMBER
System control number (OCoLC)ocn137288807
040 ## - CATALOGING SOURCE
Original cataloging agency TXA
Language of cataloging eng
Description conventions rda
Transcribing agency TXA
Modifying agency YDXCP
-- BAKER
-- IXA
-- DLC
-- EG-ScBUE
082 04 - DEWEY DECIMAL CLASSIFICATION NUMBER
Classification number 518
Edition number 22
Item number FAU
100 1# - MAIN ENTRY--PERSONAL NAME
Personal name Fausett, Laurene V.,
Relator term author.
245 10 - TITLE STATEMENT
Title Applied numerical analysis using MATLAB /
Statement of responsibility, etc Laurene V. Fausett, Texas A&M University-Commerce.
250 ## - EDITION STATEMENT
Edition statement Second edition.
264 #1 - PUBLICATION, DISTRIBUTION, ETC. (IMPRINT)
Place of publication, distribution, etc Upper Saddle River, NJ :
Name of publisher, distributor, etc Pearson Prentice Hall,
Date of publication, distribution, etc [2008]
264 #4 - PUBLICATION, DISTRIBUTION, ETC. (IMPRINT)
Date of publication, distribution, etc c2008
300 ## - PHYSICAL DESCRIPTION
Extent xiii, 673 pages :
Other physical details illustrations ;
Dimensions 25 cm
336 ## - CONTENT TYPE
Source rdacontent
Content type term text
Content type code txt
337 ## - MEDIA TYPE
Media type term unmediated
Source rdamedia
Media type code n
338 ## - CARRIER TYPE
Carrier type term volume
Carrier type code nc
Source rdacarrier
504 ## - BIBLIOGRAPHY, ETC. NOTE
Bibliography, etc Includes bibliographical references and index.
630 07 - SUBJECT ADDED ENTRY--UNIFORM TITLE
Uniform title MATLAB.
Source of heading or term BUEsh
650 #7 - SUBJECT ADDED ENTRY--TOPICAL TERM
Topical term or geographic name as entry element Numerical analysis
General subdivision Data processing.
Source of heading or term BUEsh
655 ## - INDEX TERM--GENRE/FORM
Form subdivision Reading book
942 ## - ADDED ENTRY ELEMENTS (KOHA)
Source of classification or shelving scheme Dewey Decimal Classification
Koha item type Book - Borrowing
Holdings
Withdrawn status Lost status Source of classification or shelving scheme Damaged status Not for loan Collection code Home library Current library Shelving location Date acquired Source of acquisition Cost, normal purchase price Serial Enumeration / chronology Total Checkouts Total Renewals Full call number Barcode Date last seen Date checked out Price effective from Koha item type
    Dewey Decimal Classification     Alahram Central Library Central Library First floor 05/03/2009 Purchase 228.50 370 6 29 518 FAU 000015322 15/07/2025 03/02/2018 05/03/2009 Book - Borrowing